| 000 | 00698nam a2200217 a 4500 | ||
|---|---|---|---|
| 001 | 000020885 | ||
| 005 | 20200930011201.0 | ||
| 008 | 100821s1989 cu r 000 e spa d | ||
| 040 |
_aDO-SdBNP _bspa _cBNPHU |
||
| 082 |
_aCu864.44 _bP125r |
||
| 100 | 1 |
_aPadura, Leonardo, _d1955- _943775 |
|
| 245 | 1 | 3 |
_aLo real maravilloso : _bcreación y realidad / _cLeonardo Padura. |
| 260 |
_aLa Habana : _bLetras Cubanas, _c1989. |
||
| 300 |
_a169, [2] p. ; _c18 cm. |
||
| 490 | 1 | _aGiraldilla | |
| 504 | _aIncluye referencias bibliográficas y notas al pie de las páginas. | ||
| 650 | 4 |
_aEnsayo cubano _920853 |
|
| 650 | 4 |
_aLiteratura cubana _ySIGLO XX _99186 |
|
| 830 | 0 |
_aGiraldilla _98904 |
|
| 049 | _aBNGR | ||
| 999 |
_c20388 _d20388 |
||